000 00638nam a2200253Ia 4500
003 OSt
005 20221007104302.0
006 a|||||r|||| 00| 0
007 ta
008 221006b |||||||| |||| 00| 0 eng d
024 _a15,408
037 _cTextual
040 _aLCO
_cLCO
_beng
041 _2eng
_aeng
082 _aZ2,91, M5
100 _aPillai P.S.A. Au.
245 0 _aJurisprudence and Legal Theory
250 _a3rd
260 _aLucknow
_bEastern Book Co. India
_c1985
300 _a341
650 _aJURISPRUDENCE
942 _hZ2,91, M5
_cTEXL
999 _c1184971
_d1184971